000 00692nam a22001937a 4500
003 NUST - PNEC
005 20170116181200.0
008 160209b xxu||||| |||| 00| 0 eng d
020 _a9693515102
040 _cLIBRARY
082 _a954.91 HAS
100 _916340
_aHasan Askari Rizvi
245 _aMilitary, state, and society in Pakistan
_cHasan Askari Rizvi
260 _aLahore:
_bSang-e-Meel Publications;
_c2003
300 _a307 pages
650 _916341
_aPakistan, Political and Government
_xGeneral
856 _uhttp://www.amazon.com/Military-State-Society-Pakistan-Askari/dp/9693515102/ref=sr_1_1?s=books&ie=UTF8&qid=1455005888&sr=1-1&keywords=9693515102
942 _2ddc
_cBK
999 _c71430
_d71430